书目信息 |
| 书名: | HUNGARY IN GRESTNESS AND DECLINE | |
| 作者: | DOMOKOS VARGA. | |
| 分册号: | ||
| 分册名: | 出版地: | Stone Mountain : |
|
| 出版社: | HUNGARIAN CULTURAL FOUNDATION | |
| 出版时间: | 1982. | |
| 页数: | 159 p. ; | |
| 开本: | 30cm. | |
| 丛书名: | ||
| 中图分类号: | ||
| 科图分类号: | ||
| 其他分类号: | K515.31 | |
| 主题词: | ||
| 电子资源: | ||
| 000 | 00456nam 2200145 a 4500 | |
| 001 | E0735080441 | |
| 005 | 20070429094858.28 | |
| 008 | 070429s1982 00010 eng | |
| 020 | @a0-914648-11-X :@cCNY35.00. | |
| 040 | @aPFT@beng | |
| 090 | @aK515.31 | |
| 099 | @dK515.31@ex1 | |
| 245 | 1 | @aHUNGARY IN GRESTNESS AND DECLINE :@bTHE 14TH AND 15TH CENTURIES / @cDOMOKOS VARGA. |
| 260 | @aStone Mountain :@bHUNGARIAN CULTURAL FOUNDATION,@c1982. | |
| 300 | @a159 p. ;@c30cm. | |
| HUNGARY IN GRESTNESS AND DECLINE : : THE 14TH AND 15TH CENTURIES / / DOMOKOS VARGA.-Stone Mountain : : HUNGARIAN CULTURAL FOUNDATION, , 1982. |
| 159 p. ; ; 30cm. |
| ISBN 0-914648-11-X :CNY35.00. |
| ● |
| 相关链接 |
|
|
|
|
正题名:HUNGARY IN GRESTNESS AND DECLINE
索取号:K515.31/x1
 
预约/预借
| 序号 | 登录号 | 条形码 | 馆藏地/架位号 | 状态 | 备注 |
| 1 | 181374 | 001691734 | 第二样本阅览室/ [索取号:K515.31/x1] | 在馆 |